The United Nations: international organization and administration (Record no. 531)

MARC details
000 -LEADER
fixed length control field 00644nam a2200157 a 4500
008 - FIXED-LENGTH DATA ELEMENTS--GENERAL INFORMATION
fixed length control field 120716s1967 ||||||||||||||||| || u
050 ## - LIBRARY OF CONGRESS CALL NUMBER
Classification number KJ 61 Wat
100 ## - MAIN ENTRY--PERSONAL NAME
Personal name Waters, Maurice
245 14 - TITLE STATEMENT
Title The United Nations: international organization and administration
Statement of responsibility, etc. Maurice Waters
260 ## - PUBLICATION, DISTRIBUTION, ETC.
Place of publication, distribution, etc. New York
Name of publisher, distributor, etc. Macmillan
Date of publication, distribution, etc. 1967
300 ## - PHYSICAL DESCRIPTION
Extent xvi, 583p.: ill.
500 ## - GENERAL NOTE
General note Bibliography
650 ## - SUBJECT ADDED ENTRY--TOPICAL TERM
Topical term or geographic name entry element INTERNATIONAL AGENCIES--THE UNITED NATIONS
650 ## - SUBJECT ADDED ENTRY--TOPICAL TERM
Topical term or geographic name entry element INTERNATIONAL ORGANIZATION--THE UNITED NATIONS
995 ## -
-- SPECIAL COLLECTIONS
-- 500014
-- CBU-DAG HAMMARSKJOLD INSTITUTE LIBRARY
-- DAG KJ 61 Wat
-- 1
-- AVAILABLE
-- Sep 19, 2012
-- 500014
-- DHIPS Book Collection
999 ## -
-- 531
-- 531
Holdings
Withdrawn status Lost status Source of classification or shelving scheme Damaged status Not for loan Permanent Location Current Location Shelving location Date acquired Total Checkouts Full call number Barcode Date last seen Price effective from Koha item type
          CBU-DAG HAMMARSKJOLD INSTITUTE CBU-DAG HAMMARSKJOLD INSTITUTE   11/28/2022   KJ 61 Wat 500014 11/28/2022 11/28/2022 MONOGRAPH